00634nam a2200193Ia 450000500170000000800460001703700120006304000200007504100130009508400230010810000220013124500660015326000420021930000150026165000140027694200230029099900210031395201060033420250508151419.0008 250505s9999 xx 000 0 eng d aTextual aFEDLbengcFEDL aeng2eng a335.441, POSqFEDL aPossony Stefan T. 0aCenturyof conflict : Communist techniques of world revolution aChicago bHenry Regnery Companyc1953 axxiv,439p. aEconomics cTEXLh335.441, POS c1329622d1329622 00104070aFEDLbFEDLd2025-05-08l0o335.441, POSpEL0010247r2025-05-08 15:14:19w2025-05-08yTEXL